| 000 | 00414nam a22001217a 4500 | ||
|---|---|---|---|
| 999 |
_c9328 _d9328 |
||
| 003 | OSt | ||
| 008 | 201203b ||||| |||| 00| 0 eng d | ||
| 245 | _aJournal of Civil Engineering and Construction Review | ||
| 250 | _a2017(July Vol.30 No7, Aug Vol.30 No.8,Oct Vol.30 No.10, Nov Vol.30 No11, Dec Vol. 30 No.12) | ||
| 260 |
_aNew Delhi _bTrend Set Engineers Pvt. Ltd. |
||
| 650 | _aCivil Engineering | ||
| 942 |
_2ddc _cBV |
||